Top 15 dei paesi con decessi Covid-19 - 8 luglio - Statistics

Statistiche generali
  • Questo quiz è stato fatto 10 volte
  • Il punteggio medio è 10 su 19
Statistiche sulle risposte
nazione % Corretto
Brasile
100%
Italia
100%
Regno Unito
100%
Stati Uniti
100%
Francia
75%
India
75%
Russia
75%
Belgio
50%
Germania
50%
Iran
50%
Messico
50%
Perù
50%
Spagna
50%
Canada
25%
Cile
25%
Paesi Bassi
25%
Ecuador
0%
Irlanda
0%
Svezia
0%
Nessun quiz corrispondente trovato
Distribuzione punteggi
Percentuale di utenti per punteggio
Percentile per numero di risposta
I tuoi punteggi nel tempo
Non hai fatto questo quiz